000 00313 a2200121 4500
000 nam a22 7a 4500
005 20260206165457.0
020 _a9788179755006
100 _aMastram Kapoor
_91114296
245 _aLoksabha me Lohia(5 vol)
260 _bAnamika Publishers & Distributors
_c2024
942 _cTEXL
999 _c1678843
_d1678843